Can emerging technologies make a difference in development? (Record no. 12684)
[ view plain ]
| 000 -LEADER | |
|---|---|
| fixed length control field | 03158nam a2200337Ia 4500 |
| 001 - CONTROL NUMBER | |
| control field | 9780203135686 |
| 003 - CONTROL NUMBER IDENTIFIER | |
| control field | BD-DhSAU |
| 005 - DATE AND TIME OF LATEST TRANSACTION | |
| control field | 20151012151720.0 |
| 006 - FIXED-LENGTH DATA ELEMENTS--ADDITIONAL MATERIAL CHARACTERISTICS | |
| fixed length control field | a|||||s||||||||||| |
| 007 - PHYSICAL DESCRIPTION FIXED FIELD--GENERAL INFORMATION | |
| fixed length control field | cr|||| |
| 008 - FIXED-LENGTH DATA ELEMENTS--GENERAL INFORMATION | |
| fixed length control field | 120206s2012 nyuabd sb 001 0 eng d |
| 020 ## - INTERNATIONAL STANDARD BOOK NUMBER | |
| International Standard Book Number | 9780203135686 (e-book : PDF) |
| 040 ## - CATALOGING SOURCE | |
| Original cataloging agency | BD-DhSAU |
| Transcribing agency | BD-DhSAU |
| 090 ## - LOCALLY ASSIGNED LC-TYPE CALL NUMBER (OCLC); LOCAL CALL NUMBER (OCLC) | |
| Classification number (OCLC) (R) ; Classification number, CALL (RLIN) (NR) | HC79.T4 |
| Local cutter number (OCLC) ; Book number/undivided call number, CALL (RLIN) | C366 2012 |
| 092 ## - LOCALLY ASSIGNED DEWEY CALL NUMBER (OCLC) | |
| Classification number | 338.064 |
| Item number | C212 |
| 245 00 - TITLE STATEMENT | |
| Title | Can emerging technologies make a difference in development? |
| Medium | [electronic resource] / |
| Statement of responsibility, etc. | edited by Rachel A. Parker, Richard P. Appelbaum. |
| 260 ## - PUBLICATION, DISTRIBUTION, ETC. (IMPRINT) | |
| Place of publication, distribution, etc. | New York : |
| Name of publisher, distributor, etc. | Routledge, |
| Date of publication, distribution, etc. | 2012. |
| 300 ## - PHYSICAL DESCRIPTION | |
| Extent | xxiii, 245 p. : |
| Other physical details | ill., maps. |
| 504 ## - BIBLIOGRAPHY, ETC. NOTE | |
| Bibliography, etc | Includes bibliographical references (p. [208]-236) and index. |
| 505 0# - FORMATTED CONTENTS NOTE | |
| Formatted contents note | 1. Introduction : the promise and perils of high-tech approaches to development / Rachel A. Parker and Richard P. Appelbaum -- 2. Creating the future : materials, innovation, and the scientific community / Todd M. Osman -- 3. Rural development, technology, and 'policy memory' : anthropological reflections from Bangladesh on technological change / David Lewis -- 4. Achieving equitable outcomes through emerging technologies : a social empowerment approach / Guillermo Foladori -- 5. Emerging technologies and inequalities : beyond the technological transition / Susan Cozzens -- 6. The progress of nanotechnology in China / Chen Wang and Can Huang -- 7. Food security : from the green revolution to nanotechnology / Jennifer Rogers and Amy Zader -- 8. (Nano)technology and food security : what scientists can learn from Malian farmers / Scott M. Lacy -- 9. Innovations for development : the African challenge / Moses Kizza Musaazi -- 10. Nanotechnology for potable water and general consumption in developing countries / Thembela Hillie and Mbhuti Hlophe -- 11. Solid-state lighting : a market-based approach to escaping the 'poverty trap' / Dave Irvine Halliday -- 12. Energy for development : the case of bioenergy in Brazil / Carlos Henrique de Brito Cruz -- 13. Implications of nanotechnology for labor and employment : assessing nanotechnology products in Brazil / Noela Invernizzi -- 14. Seeking the non-developmental within the developmental mobile phones in the globalized migration context / Arul Chib and Rajiv G. Aricat -- 15. Responsible innovation, global governance, and emerging technologies / Andrew D. Maynard, Antje Grobe, and Ortwin Renn -- 16. Risk perception, public participation, and sustainable global development of nanotechnologies / Barbara Herr Harthorn, Christine Shearer, and Jennifer Rogers --17. Global governance of emerging technologies : from science networking to coordinated oversight / Mihail C. Roco. |
| 530 ## - ADDITIONAL PHYSICAL FORM AVAILABLE NOTE | |
| Additional physical form available note | Also available in print edition. |
| 538 ## - SYSTEM DETAILS NOTE | |
| System details note | Mode of access: World Wide Web. |
| 650 #0 - SUBJECT ADDED ENTRY--TOPICAL TERM | |
| Topical term or geographic name as entry element | Technological innovations |
| General subdivision | Economic aspects. |
| 650 #0 - SUBJECT ADDED ENTRY--TOPICAL TERM | |
| Topical term or geographic name as entry element | Economic development. |
| 650 #0 - SUBJECT ADDED ENTRY--TOPICAL TERM | |
| Topical term or geographic name as entry element | Regional economic disparities. |
| 655 #7 - INDEX TERM--GENRE/FORM | |
| Genre/form data or focus term | Electronic books. |
| Source of term | lcsh |
| 700 1# - ADDED ENTRY--PERSONAL NAME | |
| Personal name | Appelbaum, Richard P. |
| 700 1# - ADDED ENTRY--PERSONAL NAME | |
| Personal name | Parker, Rachel A. |
| 776 1# - ADDITIONAL PHYSICAL FORM ENTRY | |
| International Standard Book Number | 9780415884327 (hardback) |
| -- | 9780415884334 (pbk.) |
| 856 40 - ELECTRONIC LOCATION AND ACCESS | |
| Uniform Resource Identifier | <a href="http://www.tandfebooks.com/isbn/9780203135686">http://www.tandfebooks.com/isbn/9780203135686</a> |
No items available.
